000 00306nam a2200121 a 4500
005 20140412111430.0
008 110218s19uu xx 00 eng d
050 _aTR(PS E
_bIl8 2004e
100 _aBunting, Eve
245 _aI love you too!.
260 _aNew York :
_bScholastic,
_c2004.
999 _c106343
_d106343